000 00570nam a2200229Ia 4500
005 20250425161825.0
008 250425s9999 xx 000 0 und d
020 _a9978860347
041 _aspa
082 _a341.02636
245 0 _aCODIGO DEL TRABAJO LEYES CONEXAS REGLAMENTOS
250 _aS.E.
260 _aEcuador
_bCORPORACION DE ESTUDIOS Y PUBLICACIONES
_c1994
260 _aS.L.
300 _a429
500 _aTOMO 3 AGOSTO 1994
650 _aCODIGO DE TRABAJO
650 _aDERECHO PUBLICO
650 _aLEYES
942 _c01
010 _a31176
999 _c216843
_d216843